MARC details
| 000 -LEADER |
| fixed length control field |
01515nam a2200205 a 4500 |
| 001 - CONTROL NUMBER |
| control field |
MEB029580 |
| 003 - CONTROL NUMBER IDENTIFIER |
| control field |
PILC |
| 005 - DATE AND TIME OF LATEST TRANSACTION |
| control field |
20151105085039.0 |
| 008 - FIXED-LENGTH DATA ELEMENTS--GENERAL INFORMATION |
| fixed length control field |
|
| 020 ## - INTERNATIONAL STANDARD BOOK NUMBER |
| International Standard Book Number |
9781632413574 (hbk.) |
| 050 ## - LIBRARY OF CONGRESS CALL NUMBER |
| Classification number |
RM 845 |
| Item number |
.Sp67 2015 |
| 245 #0 - TITLE STATEMENT |
| Title |
Sports and exercise medicine : muscle injuries / |
| Statement of responsibility, etc |
edited by Pablo de Souza. |
| 260 ## - PUBLICATION, DISTRIBUTION, ETC. (IMPRINT) |
| Place of publication, distribution, etc |
NY : |
| Name of publisher, distributor, etc |
Hayle Medical, |
| Date of publication, distribution, etc |
2015. |
| 300 ## - PHYSICAL DESCRIPTION |
| Extent |
vi, 324 pages : |
| Other physical details |
color illustrations ; |
| Dimensions |
24 cm. |
| 500 ## - GENERAL NOTE |
| General note |
Includes bibliographical references and index. |
| 505 ## - FORMATTED CONTENTS NOTE |
| Miscellaneous information |
Section 1: General Aspect -- |
| -- |
Chapter 1 |
| Title |
Nutritional Interventions as Potential Stratery to Minimize Exercise-Induced Muscle Injuries in Sports -- |
| Miscellaneous information |
Chapter 2 |
| Title |
Etiology, Biology and Treatment of Muscular Leisons -- |
| Miscellaneous information |
Section 2: Imaging and Clinical Evaluation -- |
| -- |
Chapter 3 |
| Title |
Diagnostic Imaging in Muscle Injury -- |
| Miscellaneous information |
Chapter 4 |
| Title |
Overview of Different Location of Muscle Strain -- |
| Miscellaneous information |
Section 3:Treatment-- |
| -- |
Chapter 5 |
| Title |
Conservative Treatment of Muscle Injuries:From Scientific Evidence to Clinical Practice-- |
| Miscellaneous information |
Chapter 6 |
| Title |
The treatment of Muscle Hematomas -- |
| Miscellaneous information |
Chapter 7 |
| Title |
Medical Treatment of Muscle Lesion -- |
| Miscellaneous information |
Chapter 8 |
| Title |
Surgical Treatment -- |
| Miscellaneous information |
Section 4: Prevention -- |
| -- |
Chapter 9 |
| Title |
Prevention of Muscle Injuries - The Soccer Model |
| Miscellaneous information |
Chapter 10 |
| Title |
How and When to use an Injury Prevention Intervention -- |
| Miscellaneous information |
Chapter 11 |
| Title |
Muscle Injuries in Professional Soccer Players During the Month of Ramadan. |
| 650 ## - SUBJECT ADDED ENTRY--TOPICAL TERM |
| Topical term or geographic name as entry element |
Muscle injury. |
| 700 1# - ADDED ENTRY--PERSONAL NAME |
| Personal name |
De Souza, Pablo, |
| Relator term |
editor. |
| 942 ## - ADDED ENTRY ELEMENTS (KOHA) |
| Source of classification or shelving scheme |
Library of Congress Classification |
| Koha item type |
Books |
| Call number prefix |
Foreign |